| 000 | 01089nam a22003257a 4500 | ||
|---|---|---|---|
| 003 | CHAP | ||
| 005 | 20220329140843.0 | ||
| 008 | 971013s1995 r 00010 d | ||
| 010 | _a58672 | ||
| 011 | _a59644 | ||
| 035 | _a63804 | ||
| 040 | _cCHAP | ||
| 090 | _aTesis | ||
| 100 | 0 | 0 |
_aBuenabad Carrasco, Enedina. _915939 |
| 245 | _aEfectos de cuatro periodos de sequía en pitahaya (Hylocereus undatus Haworth) | ||
| 260 |
_aChapingo, Méx. : _bEl autor, _c1995 |
||
| 300 | _a61 h. | ||
| 502 | _aTesis (Ing. Agr. Esp. en Fitotecnia) -- UACH. Departamento de Fitotecnia | ||
| 590 |
_aALEPH _b10 _c20130110 _lUCH01 _h1337 |
||
| 590 |
_aBATCH-UPD _b10 _c20130110 _lUCH01 _h0501 |
||
| 590 |
_aBATCH-UPD _b10 _c20130410 _lUCH01 _h0139 |
||
| 590 |
_aBATCH-UPD _b10 _c20130914 _lUCH01 _h0754 |
||
| 590 |
_aCONVERSION _b10 _c20130109 _lUCH01 _h1331 |
||
| 650 | 1 | 4 |
_aCultivos _xEfecto de las sequías. _930255 |
| 650 | 1 | 4 |
_aStenocereus. _9109642 |
| 901 | _aBK | ||
| 942 | _cFOLL | ||
| 949 |
_bBC _cTES _d-137688 _eTS1 _h28628 _i63804 _si |
||
| 949 |
_bBC _cTES _d33724000079489 _eTS2 _fc.2 _h28629 _i63804 _sb |
||
| 999 |
_c58672 _d58672 |
||